00833nam a2200193 i 450000100060000000300090000600500170001500700030003200800410003511100800007624501200015626000480027630000420032471000460036674000560041285200320046899900170050095201220051746521ES-MaACL20230906161411.0t|030331s1973 sp ||||1| spa d2 aCongreso Nacional de Anatomía Patológica (n6º. d1973. cMurcia)951110aVI Congreso Nacional de Anatomía Patológica b: I Reunión conjunta con la Sociedad Española de Oncología. aMurcia : b[s.n., c1973] (fImp. Nogués) a77 p. con 1 lám. : bil. ; c19 cm.2 aSociedad Española de Oncología.967430 aSexto Congreso Nacional de Anatomía Patológica. aES-MaACLjC-53670 bR.86520 c46521d46521 00104070aATENEOMbATENEOMcDEPO2d2008-01-17eSCl0oC-53670p1048925r2023-02-23 00:00:00w2023-02-23yMONOGRAFIA